Score 0/16 Timer 05:00
9 Plays Today
% Correct
Lake
98.8%
Tacos
98.2%
Paper
98.1%
Liquid
97.7%
Closed
96.4%
2
96.2%
Bridge
94.8%
Wet
94.7%
% Correct
Open
94.6%
Pole
94.3%
Under
93.2%
Day
92.9%
Upstairs
92.4%
Red
86.8%
Death
86.1%
Turn
79.9%
Remove Ads.
Support Sporcle.
Get the best of Sporcle when you Go Orange. This ad-free experience offers more features, more stats, and more fun while also helping to support Sporcle. Thank you for becoming a member.

You're not logged in!

Compare scores with friends on all Sporcle quizzes.
OR
Log In

Show Comments

Extras

Top Quizzes Today


Score Distribution

Your Account Isn't Verified!

In order to create a playlist on Sporcle, you need to verify the email address you used during registration. Go to your Sporcle Settings to finish the process.

Report this User

Report this user for behavior that violates our Community Guidelines.

Details: